000 00468nam a2200193Ia 4500
003 LK-CoDNM
008 010623t1908 xxu||||| |||| 00| 1 sin d
040 _aLK-CoDNM
_dLK-CoDNM
_eLK-CoDNM
041 _asin
080 _a104 J.15
245 _aවිදුලිය
246 _aViduliya
260 _bW.A.Samarasekara
_aColombo
_c1908
300 _b14p., 28 cm
650 _aAbhidhamma
650 _aKuveeni Asna
650 _aPracheena Medicine
942 _cBK
999 _c86935
_d86935